[Event "2024 Newport Major"]
[Site "Newport"]
[Date "2024.08.17"]
[Round "2.11"]
[White "Mckenna, Joshua"]
[Black "Sibborn, Dale"]
[Result "1-0"]
[WhiteElo "1701"]
[BlackElo "1766"]
[PlyCount "54"]
[EventDate "2024.08.16"]

1. e4 e5 2. Nf3 Nf6 3. Nxe5 d6 4. Nf3 Nxe4 5. d4 d5 6. Bd3 Be7 7. O-O Nc6 8. Nbd2 Nxd2 9. Bxd2 O-O 10. c3 Bg4 11. h3 Bh5 12. g3 Bg6 13. Bxg6 hxg6 14. Qc2 Qd7 15. Kg2 Rad8 16. Rae1 Rfe8 17. Re3 Bf6 18. Rfe1 Rxe3 19. Rxe3 Kf8 20. Qb3 b6 21. Qd1 Re8 22. Qe1 Rxe3 23. Qxe3 Qe8 24. Qf4 Qd7 25. Ng5 Bxg5 26. Qxg5 Qe7 27. Qxd5 Na5 1-0

[Event "2024 Newport Major"]
[Site "Newport"]
[Date "2024.08.17"]
[Round "2.13"]
[White "Daly, Grant"]
[Black "Ryan, Jeremy"]
[Result "1-0"]
[WhiteElo "1655"]
[BlackElo "1759"]
[PlyCount "61"]
[EventDate "2024.08.16"]

1. d4 Nf6 2. c4 e6 3. Nc3 Bb4 4. e3 O-O 5. Nge2 b6 6. a3 Bxc3+ 7. Nxc3 Bb7 8. Bd3 Bxg2 9. Rg1 Bb7 10. e4 d6 11. e5 dxe5 12. dxe5 Nbd7 13. exf6 Nxf6 14. Bh6 g6 15. Bxf8 Kxf8 16. Qc2 Qe7 17. O-O-O Ke8 18. Ne4 Nd7 19. Ng5 Nf6 20. Be4 Nxe4 21. Nxe4 Qh4 22. Ng3 Qxh2 23. Qd2 Bc6 24. Qf4 Rc8 25. Qf6 Bb7 26. Rge1 Qg2 27. Rd7 Kxd7 28. Qxf7+ Kc6 29. Qxe6+ Kc5 30. b4+ Kd4 31. Ne2+ 1-0

[Event "2024 Newport Major"]
[Site "Newport"]
[Date "2024.08.17"]
[Round "2.14"]
[White "Shek, Daniel"]
[Black "Holland, Lyn"]
[Result "1-0"]
[WhiteElo "1872"]
[BlackElo "1669"]
[PlyCount "55"]
[EventDate "2024.08.16"]

1. c4 e5 2. Nc3 Nf6 3. Nf3 Nc6 4. e4 Bc5 5. Nxe5 Nxe5 6. d4 Bd6 7. c5 Bxc5 8. dxe5 Ng8 9. Qg4 g6 10. Qf3 c6 11. Bc4 f6 12. O-O Qe7 13. exf6 Qxf6 14. Qxf6 Nxf6 15. Bg5 Rf8 16. Bh6 Rh8 17. Bg7 Rf8 18. Bxf8 Kxf8 19. e5 Ng4 20. Rae1 Bd4 21. Re4 Bxc3 22. bxc3 Nh6 23. Rd1 Nf5 24. g4 Nh6 25. Rf4+ Ke7 26. h4 b6 27. Rd6 c5 28. h5 1-0

[Event "2024 Newport Major"]
[Site "Newport"]
[Date "2024.08.17"]
[Round "2.15"]
[White "Little, Cameron"]
[Black "Peters, Chris"]
[Result "1-0"]
[WhiteElo "1840"]
[BlackElo "1661"]
[PlyCount "79"]
[EventDate "2024.08.16"]

1. e4 d6 2. d4 Nf6 3. Nc3 g6 4. f3 Bg7 5. Be3 O-O 6. Qd2 c6 7. Nge2 Nbd7 8. Ng3 b5 9. Bd3 b4 10. Nce2 a5 11. O-O Ba6 12. c4 e5 13. b3 h5 14. a3 h4 15. Nh1 c5 16. d5 Nh5 17. axb4 axb4 18. Ra2 f5 19. Rfa1 Bb7 20. Rxa8 Bxa8 21. Ra6 f4 22. Bf2 Qf6 23. h3 Bb7 24. Ra4 Bc8 25. Be1 Qg5 26. Nf2 Ndf6 27. Nc1 Ng3 28. Na2 Nfh5 29. Nxb4 cxb4 30. Qxb4 Qd8 31. Qa3 Rf7 32. Ra8 Rb7 33. b4 Nf6 34. c5 dxc5 35. bxc5 Bf8 36. d6 Ne8 37. Ba6 Qd7 38. Bxb7 Bxb7 39. Ra7 Qc6 40. Qb3+ 1-0

[Event "2024 Newport Major"]
[Site "Newport"]
[Date "2024.08.17"]
[Round "2.16"]
[White "Parri, Deio"]
[Black "Williams, James L"]
[Result "1-0"]
[WhiteElo "1774"]
[BlackElo "1659"]
[PlyCount "94"]
[EventDate "2024.08.16"]

1. d4 d5 2. c4 c6 3. Nc3 Bf5 4. Nf3 Nf6 5. Bg5 Nbd7 6. e3 e6 7. Be2 Be7 8. O-O O-O 9. a3 a5 10. Re1 Re8 11. Ne5 Nxe5 12. dxe5 Nd7 13. Bxe7 Qxe7 14. f4 Rad8 15. cxd5 cxd5 16. Bb5 Qc5 17. Qd4 Re7 18. Bxd7 Qxd4 19. exd4 Rexd7 20. Nb5 Rc8 21. Rac1 Rxc1 22. Rxc1 h5 23. Rc8+ Kh7 24. Rc7 Rxc7 25. Nxc7 Kg8 26. Ne8 b6 27. Kf2 Kf8 28. Nd6 Bc2 29. Kg3 g6 30. Kh4 Kg7 31. Kg5 Ba4 32. h3 Bd7 33. g4 hxg4 34. hxg4 a4 35. f5 gxf5 36. gxf5 exf5 37. Nxf5+ Kf8 38. Kf6 Bxf5 39. Kxf5 Ke7 40. Kg5 Ke6 41. Kg4 f6 42. exf6 Kxf6 43. Kf4 Ke6 44. Kg5 b5 45. Kg6 Kd6 46. Kf6 Kd7 47. Ke5 Kc6 1-0

[Event "2024 Newport Major"]
[Site "Newport"]
[Date "2024.08.17"]
[Round "2.17"]
[White "Morgans, Justin"]
[Black "Williams, John A"]
[Result "0-1"]
[WhiteElo "1747"]
[BlackElo "1593"]
[PlyCount "60"]
[EventDate "2024.08.16"]

1. e4 d6 2. Nf3 Nf6 3. d3 g6 4. Be2 Bg7 5. c3 c5 6. Be3 Nc6 7. Nbd2 Ng4 8. Bf4 f5 9. exf5 Bxf5 10. O-O e5 11. Bg5 Bf6 12. Bxf6 Qxf6 13. Ne4 Qe7 14. h3 h5 15. h4 O-O-O 16. a4 d5 17. Ng3 e4 18. Nxf5 gxf5 19. Ng5 e3 20. f4 Nf2 21. Qc2 d4 22. c4 Nb4 23. Qb3 Rdg8 24. Rae1 Qc7 25. g3 Rxg5 26. hxg5 h4 27. Rxf2 exf2+ 28. Kxf2 hxg3+ 29. Kxg3 Qh7 30. Rf1 Qh2+ 0-1

[Event "2024 Newport Major"]
[Site "Newport"]
[Date "2024.08.17"]
[Round "2.18"]
[White "Emblem, Mark"]
[Black "Bain, Oliver"]
[Result "1/2-1/2"]
[WhiteElo "1611"]
[BlackElo "1726"]
[PlyCount "58"]
[EventDate "2024.08.16"]

1. d4 Nf6 2. Nf3 e6 3. Bg5 d5 4. Nbd2 c5 5. c3 Qb6 6. Qc2 Nc6 7. e3 Bd6 8. Be2 Nd7 9. O-O O-O 10. Bh4 cxd4 11. exd4 e5 12. dxe5 Ndxe5 13. Bg3 d4 14. Bd3 Kh8 15. Be4 dxc3 16. bxc3 Nxf3+ 17. Bxf3 Bxg3 18. hxg3 Be6 19. Ne4 h6 20. Rfb1 Qc7 21. Nc5 Ne5 22. Nxe6 Nxf3+ 23. gxf3 fxe6 24. Kg2 Qc6 25. Qd3 Rac8 26. Rc1 Rf6 27. Qe4 Qxe4 28. fxe4 Rc4 29. Rab1 b6 1/2-1/2

[Event "2024 Newport Major"]
[Site "Newport"]
[Date "2024.08.17"]
[Round "2.19"]
[White "Bourne, Patrick"]
[Black "Saparovich, Mikhail"]
[Result "1-0"]
[WhiteElo "1670"]
[BlackElo "1400"]
[PlyCount "67"]
[EventDate "2024.08.16"]

1. d4 Nf6 2. Bg5 e6 3. e4 Be7 4. e5 Nd5 5. Bxe7 Nxe7 6. c4 Nbc6 7. Nc3 Nf5 8. Nf3 d5 9. cxd5 exd5 10. Be2 O-O 11. O-O Be6 12. Rc1 a6 13. Qd2 Qd7 14. Rfd1 Rfe8 15. a3 Rad8 16. Qc2 g6 17. b4 b5 18. Nxb5 axb5 19. Qxc6 Rc8 20. Bxb5 Qxc6 21. Bxc6 Re7 22. Rc3 Rb8 23. Rdc1 Kg7 24. Rc5 f6 25. exf6+ Kxf6 26. Bxd5 Bxd5 27. Rxd5 Ra8 28. Ra1 c6 29. Rc5 Nxd4 30. Nxd4 Rxa3 31. Rb1 Rd3 32. Rxc6+ Kf7 33. Nf3 Rb7 34. Ne5+ 1-0

[Event "2024 Newport Major"]
[Site "Newport"]
[Date "2024.08.17"]
[Round "3.1"]
[White "Thomas, Mark"]
[Black "Thomas, Kevin"]
[Result "1/2-1/2"]
[WhiteElo "1896"]
[BlackElo "1750"]
[PlyCount "101"]
[EventDate "2024.08.16"]

1. e4 d6 2. d4 g6 3. Nc3 Bg7 4. Be3 c6 5. a4 Nf6 6. Be2 Nbd7 7. h4 h5 8. f3 Qb6 9. Qc1 Qc7 10. Nh3 a6 11. O-O c5 12. d5 Ne5 13. Ng5 Bd7 14. Qd2 O-O 15. Rfd1 Qa5 16. Ra3 Rfc8 17. Rda1 c4 18. Bd4 Nh7 19. Qe3 Nxg5 20. hxg5 Qd8 21. a5 Kh7 22. Nd1 f5 23. f4 Ng4 24. Bxg4 Bxd4 25. Qxd4 fxg4 26. Ne3 Qc7 27. Rc3 Bb5 28. f5 Qc5 29. Qxc5 Rxc5 30. Rf1 gxf5 31. Nxf5 Re8 32. Nd4 Bd7 33. b4 cxb3 34. Rxc5 dxc5 35. Nxb3 c4 36. Nc5 Bc8 37. Rb1 Kg6 38. Nxb7 Bxb7 39. Rxb7 Kxg5 40. g3 h4 41. gxh4+ Kxh4 42. Kg2 g3 43. Rc7 Rf8 44. Rxe7 Rf2+ 45. Kg1 Rxc2 46. Rh7+ Kg5 47. d6 c3 48. e5 Kf5 49. Rc7 Kxe5 50. d7 Rd2 51. Rxc3 1/2-1/2

[Event "2024 Newport Major"]
[Site "Newport"]
[Date "2024.08.17"]
[Round "3.2"]
[White "Zografos, Lef"]
[Black "Forsey, Tomas"]
[Result "0-1"]
[WhiteElo "1834"]
[BlackElo "1713"]
[PlyCount "102"]
[EventDate "2024.08.16"]

1. e4 c5 2. c3 Nf6 3. e5 Nd5 4. Nf3 Nc6 5. d4 cxd4 6. cxd4 e6 7. a3 d6 8. Bd3 dxe5 9. dxe5 Qc7 10. Qe2 Nxe5 11. O-O Nxd3 12. Qxd3 Be7 13. Bg5 O-O 14. Nbd2 h6 15. Bxe7 Qxe7 16. Rfe1 Qd8 17. Rad1 Bd7 18. Nf1 Qb6 19. Ne5 Bb5 20. Qg3 Rfd8 21. h3 Nf6 22. Ng4 Nxg4 23. Qxg4 Rxd1 24. Rxd1 Bxf1 25. Kxf1 Qxb2 26. Qf3 Rc8 27. Qe3 a6 28. Kg1 Qc3 29. Rd3 Qc1+ 30. Kh2 Qxe3 31. fxe3 b5 32. Kg3 Kf8 33. Kf3 Ke7 34. h4 Rc4 35. g3 b4 36. axb4 Rxb4 37. Ra3 Rb6 38. Rc3 Rb7 39. Ke4 a5 40. Kf3 a4 41. Ra3 Ra7 42. Ke4 Kd6 43. Kd4 e5+ 44. Kd3 f5 45. e4 fxe4+ 46. Kxe4 Ra5 47. h5 Kc5 48. g4 Kb4 49. Ra1 a3 50. Rb1+ Kc3 51. Re1 a2 0-1

[Event "2024 Newport Major"]
[Site "Newport"]
[Date "2024.08.17"]
[Round "3.3"]
[White "Prabhu, Vismith"]
[Black "Hannigan, Jack"]
[Result "1-0"]
[WhiteElo "1674"]
[BlackElo "1824"]
[PlyCount "111"]
[EventDate "2024.08.16"]

1. d4 c5 2. d5 e5 3. e4 d6 4. Ne2 Be7 5. Nec3 Bg5 6. Nd2 Nd7 7. Nc4 Be7 8. a4 Nb6 9. Ne3 Nf6 10. g4 O-O 11. Rg1 Ne8 12. Nf5 Bg5 13. Bxg5 Qxg5 14. h4 Qd8 15. Rh1 g6 16. Ne3 Ng7 17. h5 Qf6 18. h6 Ne8 19. Rg1 Bd7 20. a5 Nc8 21. g5 Qd8 22. Qf3 a6 23. Bd3 b5 24. axb6 Qxb6 25. Nc4 Qb8 26. Ra3 Bb5 27. Ke2 Qc7 28. Nxb5 axb5 29. Rxa8 bxc4 30. Bxc4 f6 31. Qh3 Nb6 32. Qe6+ Qf7 33. Qxf7+ Kxf7 34. Ra7+ Kg8 35. Bb5 Nc8 36. Ra8 Nc7 37. Ra5 f5 38. f3 Na7 39. Bc4 Nc8 40. b3 f4 41. Rga1 Kf7 42. Bb5 Ke7 43. Bc6 Kf7 44. Kd3 Ke7 45. Kc3 Rd8 46. Bb7 Nb6 47. Ra7 Nb5+ 48. Kd3 Nxa7 49. Rxa7 Rd7 50. Kc3 Nc8 51. Ra8 Rxb7 52. Rxc8 Rd7 53. Rh8 Rd8 54. Rxh7+ Ke8 55. Rh8+ Ke7 56. Rxd8 1-0

[Event "2024 Newport Major"]
[Site "Newport"]
[Date "2024.08.17"]
[Round "3.4"]
[White "Mckenna, Joshua"]
[Black "McGeeney, David"]
[Result "1/2-1/2"]
[WhiteElo "1701"]
[BlackElo "1780"]
[PlyCount "75"]
[EventDate "2024.08.16"]

1. e4 e5 2. Nf3 Nc6 3. Bb5 Nd4 4. Nxd4 exd4 5. O-O Bc5 6. d3 c6 7. Bc4 Qf6 8. Nd2 b5 9. Bb3 d6 10. e5 dxe5 11. Ne4 Qe7 12. Nxc5 Qxc5 13. Qh5 g6 14. Qf3 Be6 15. Bxe6 fxe6 16. Bg5 Ne7 17. Bxe7 Kxe7 18. Rfe1 Raf8 19. Qe4 Kd6 20. c3 Qd5 21. cxd4 Qxd4 22. Qe2 Rf5 23. Rac1 Rhf8 24. Rf1 Qd5 25. Qc2 Rg5 26. f3 Rf4 27. Rf2 Rd4 28. Rd2 Kd7 29. Qc5 Qxc5 30. Rxc5 Rd5 31. Rc3 Rf5 32. Rdc2 Ke7 33. Rxc6 Rxd3 34. Rc7+ Rd7 35. h3 e4 36. fxe4 Re5 37. Rxd7+ Kxd7 38. Re2 1/2-1/2

[Event "2024 Newport Major"]
[Site "Newport"]
[Date "2024.08.17"]
[Round "3.5"]
[White "Loog, Tiiu"]
[Black "Norris, David"]
[Result "1-0"]
[WhiteElo "1764"]
[BlackElo "1713"]
[PlyCount "57"]
[EventDate "2024.08.16"]

1. d4 Nf6 2. Bf4 c5 3. c3 cxd4 4. Bxb8 Rxb8 5. Qxd4 d5 6. Qxa7 Qc7 7. Qd4 e5 8. Qd1 Bc5 9. e3 O-O 10. Nf3 Bg4 11. Be2 Rfd8 12. O-O Bxf3 13. Bxf3 d4 14. exd4 exd4 15. cxd4 Rxd4 16. Qb3 Ng4 17. Bxg4 Rxg4 18. Nd2 Rb4 19. Qc3 Rh4 20. Nf3 Rc4 21. Qe5 Bd6 22. Qb5 Rc5 23. Qb3 Rh5 24. h3 Rc8 25. Rad1 g5 26. Rd5 Bf4 27. Rfd1 Re8 28. Rd7 Qxd7 29. Rxd7 1-0

[Event "2024 Newport Major"]
[Site "Newport"]
[Date "2024.08.17"]
[Round "3.6"]
[White "Williams, David J"]
[Black "Daly, Grant"]
[Result "0-1"]
[WhiteElo "1723"]
[BlackElo "1655"]
[PlyCount "110"]
[EventDate "2024.08.16"]

1. d4 Nf6 2. Nf3 d5 3. Bg5 e6 4. Nbd2 c5 5. e4 Be7 6. e5 Nfd7 7. Bxe7 Qxe7 8. c3 cxd4 9. cxd4 Nc6 10. a3 O-O 11. Rc1 f6 12. exf6 Qxf6 13. Nb3 e5 14. dxe5 Ndxe5 15. Be2 Bg4 16. O-O Nxf3+ 17. Bxf3 Bxf3 18. Qxf3 Qxf3 19. gxf3 Rxf3 20. Nd2 Rf5 21. Rc5 Raf8 22. b4 Ne5 23. Rc7 R5f7 24. Rxf7 Rxf7 25. Re1 Re7 26. f4 Ng6 27. Rxe7 Nxe7 28. Kf2 Kf7 29. Nf3 h6 30. Nd4 a6 31. Kf3 Kf6 32. Ke3 g5 33. fxg5+ hxg5 34. Nb3 b6 35. Kd4 Ke6 36. Kd3 Kd6 37. Nd4 Ke5 38. Ne2 Nf5 39. a4 g4 40. a5 b5 41. Nc3 Nd6 42. Nd1 Ne4 43. Ne3 Nf6 44. Ng2 d4 45. Nh4 Nd5 46. Ng6+ Kf6 47. Kxd4 Nxb4 48. Ne5 Kf5 49. Nxg4 Kxg4 50. Kc5 Nd3+ 51. Kb6 b4 52. Kxa6 b3 53. Kb6 b2 54. a6 b1=Q+ 55. Kc6 Nb4+ 0-1

[Event "2024 Newport Major"]
[Site "Newport"]
[Date "2024.08.17"]
[Round "3.7"]
[White "Cuthbert, Larissa"]
[Black "Gale, Michael"]
[Result "0-1"]
[WhiteElo "1639"]
[BlackElo "1715"]
[PlyCount "66"]
[EventDate "2024.08.16"]

1. d4 Nf6 2. c4 e6 3. Nc3 Bb4 4. Qc2 d5 5. Bf4 O-O 6. e3 c5 7. Nf3 Nc6 8. Rd1 Qa5 9. Bd3 dxc4 10. Bxc4 b5 11. Be2 cxd4 12. exd4 Bb7 13. O-O a6 14. Ne4 Be7 15. a3 Rad8 16. Nxf6+ Bxf6 17. Bg5 Bxg5 18. Nxg5 g6 19. Qd3 Nxd4 20. Qe3 Nxe2+ 21. Qxe2 b4 22. Qe3 Rd5 23. axb4 Qd8 24. Rxd5 Qxd5 25. Nf3 Rd8 26. h3 Qd3 27. Qb6 Bxf3 28. gxf3 Rd5 29. Qb8+ Kg7 30. Qg3 Qd2 31. Ra1 Rg5 32. Qxg5 Qxg5+ 33. Kf1 Qd2 0-1

[Event "2024 Newport Major"]
[Site "Newport"]
[Date "2024.08.17"]
[Round "3.8"]
[White "Jones, Jeremy"]
[Black "Shek, Daniel"]
[Result "0-1"]
[WhiteElo "1713"]
[BlackElo "1872"]
[PlyCount "62"]
[EventDate "2024.08.16"]

1. d4 Nf6 2. c4 c5 3. dxc5 e6 4. Bf4 Bxc5 5. Bd6 Qb6 6. Bxc5 Qxc5 7. e3 O-O 8. Nf3 e5 9. Be2 e4 10. Nd4 Qg5 11. Kd2 Nc6 12. Nxc6 dxc6 13. Kc2 b5 14. g3 bxc4 15. Bxc4 Qc5 16. b3 Bg4 17. Qe1 Rfd8 18. Nd2 Rd7 19. h3 Rad8 20. Nf1 Bd1+ 21. Rxd1 Rxd1 22. Qxd1 Rxd1 23. Kxd1 Qe5 24. Ke2 Qa1 25. a4 Nd5 26. Bxd5 cxd5 27. Rh2 d4 28. exd4 Qxd4 29. Nd2 f5 30. Rh1 Qd3+ 31. Kd1 e3 0-1

[Event "2024 Newport Major"]
[Site "Newport"]
[Date "2024.08.17"]
[Round "3.9"]
[White "Faulkner, David J"]
[Black "Bourne, Patrick"]
[Result "1-0"]
[WhiteElo "1871"]
[BlackElo "1670"]
[PlyCount "49"]
[EventDate "2024.08.16"]

1. Nf3 d5 2. g3 Nf6 3. Bg2 e6 4. O-O c5 5. d3 Nc6 6. Nbd2 Be7 7. e4 dxe4 8. dxe4 Qc7 9. Re1 O-O 10. c3 b6 11. Nc4 Rd8 12. Qc2 Bb7 13. Bf4 Qc8 14. Rad1 b5 15. Nd6 Bxd6 16. Bxd6 c4 17. e5 Nd5 18. Ng5 g6 19. Ne4 Nce7 20. Bxe7 Nxe7 21. Rxd8+ Qxd8 22. Nf6+ Kg7 23. Bxb7 Rb8 24. Bf3 a5 25. Rd1 1-0

[Event "2024 Newport Major"]
[Site "Newport"]
[Date "2024.08.17"]
[Round "3.10"]
[White "Sharhorodsky, Yaroslav"]
[Black "Little, Cameron"]
[Result "0-1"]
[WhiteElo "1704"]
[BlackElo "1840"]
[PlyCount "83"]
[EventDate "2024.08.16"]

1. e4 e5 2. Nf3 Nc6 3. d4 exd4 4. Nxd4 Bc5 5. Nxc6 Qf6 6. Qf3 Qxc6 7. Nc3 Bb4 8. Bd2 Nf6 9. Bd3 Qe6 10. a3 Ba5 11. O-O Qg4 12. Qxg4 Nxg4 13. b4 Bb6 14. Nd5 c6 15. Nxb6 axb6 16. b5 O-O 17. h3 Ne5 18. f4 Nxd3 19. cxd3 Ra4 20. Be3 c5 21. Rfc1 Re8 22. Kf2 d6 23. Kf3 Bd7 24. Rc4 Bxb5 25. Rxa4 Bxa4 26. Rb1 b5 27. e5 dxe5 28. Bxc5 exf4 29. Kxf4 Bc2 30. Rxb5 Bxd3 31. Rxb7 Be4 32. Rb2 h6 33. a4 Bc6 34. a5 Re4+ 35. Kg3 Ra4 36. Rb6 Be4 37. a6 Kh7 38. Rd6 Ra2 39. Bf2 h5 40. a7 h4+ 41. Kf4 Bxg2 42. Bb6 0-1

[Event "2024 Newport Major"]
[Site "Newport"]
[Date "2024.08.17"]
[Round "3.11"]
[White "Balfe, Andrew"]
[Black "Di-Vetta, Andrew"]
[Result "0-1"]
[WhiteElo "1606"]
[BlackElo "1798"]
[PlyCount "68"]
[EventDate "2024.08.16"]

1. e4 c5 2. Nf3 Nc6 3. c3 d5 4. exd5 Qxd5 5. Be2 g6 6. O-O Bg7 7. Na3 Nf6 8. Nb5 Qd8 9. d4 a6 10. Na3 cxd4 11. cxd4 O-O 12. Nc2 Nd5 13. Re1 Bf5 14. Bd3 Bxd3 15. Qxd3 e6 16. Bd2 Qb6 17. Rab1 Rac8 18. a3 Rfd8 19. Bg5 Rd7 20. Re4 h6 21. Be3 Nce7 22. Ne5 Rdc7 23. Ne1 f5 24. Rh4 g5 25. Rh5 Nxe3 26. Qxe3 Nd5 27. Qd2 Nf4 28. Qd1 Nxh5 29. Qxh5 Qxd4 30. Ng6 Qf6 31. Rd1 Rc1 32. Nd3 Qxg6 33. Qe2 Rxd1+ 34. Qxd1 Qf6 0-1

[Event "2024 Newport Major"]
[Site "Newport"]
[Date "2024.08.17"]
[Round "3.12"]
[White "Parri, Deio"]
[Black "Daniel, Elijah"]
[Result "1-0"]
[WhiteElo "1774"]
[BlackElo "1392"]
[PlyCount "101"]
[EventDate "2024.08.16"]

1. d4 f5 2. e4 fxe4 3. Nc3 Nf6 4. Bg5 e6 5. Nxe4 Be7 6. Bxf6 Bxf6 7. c3 O-O 8. Bd3 b6 9. Nf3 Bb7 10. Qc2 g6 11. O-O-O Ba6 12. Bxa6 Nxa6 13. h4 d5 14. Neg5 Bxg5+ 15. Nxg5 Qf6 16. Qe2 h6 17. Nxe6 Rfe8 18. Qxa6 Qxe6 19. Qd3 Qe4 20. Qxe4 Rxe4 21. Kd2 Kf7 22. Rde1 Rxe1 23. Rxe1 Rd8 24. Re5 Kf6 25. Ke3 c6 26. g4 g5 27. h5 Rc8 28. f4 gxf4+ 29. Kxf4 Rf8 30. Rf5+ Ke7 31. Rxf8 Kxf8 32. g5 hxg5+ 33. Kxg5 c5 34. Kf6 cxd4 35. cxd4 a6 36. Ke5 Kg7 37. Kxd5 Kh6 38. Kc6 Kxh5 39. d5 Kg4 40. d6 Kf4 41. d7 b5 42. d8=Q b4 43. Qd5 b3 44. axb3 a5 45. Kd6 a4 46. Qe5+ Kf3 47. Kd5 a3 48. bxa3 Kg2 49. Ke4 Kh1 50. Kf3 Kg1 51. Qg3+ 1-0

[Event "2024 Newport Major"]
[Site "Newport"]
[Date "2024.08.17"]
[Round "3.13"]
[White "Williams, John A"]
[Black "Thom, Cash"]
[Result "1/2-1/2"]
[WhiteElo "1593"]
[BlackElo "1720"]
[PlyCount "140"]
[EventDate "2024.08.16"]

1. b3 Nf6 2. Bb2 d5 3. e3 c5 4. f4 Nc6 5. Nf3 g6 6. Be2 Bg7 7. O-O O-O 8. Ne5 Qb6 9. d3 d4 10. e4 Nxe5 11. fxe5 Ne8 12. Nd2 Bxe5 13. Nc4 Qc7 14. Nxe5 Qxe5 15. Bc1 h5 16. Bf4 Qe6 17. Rf3 Nf6 18. Rg3 Kh7 19. Rg5 Ng4 20. Qe1 Qf6 21. Qg3 e5 22. Bd2 Qg7 23. Bxg4 f6 24. Bxc8 Raxc8 25. Rf1 fxg5 26. Rxf8 Rxf8 27. Qxg5 Kg8 28. a4 Qf6 29. Qxf6 Rxf6 30. Bg5 Rc6 31. h4 a6 32. a5 Kf7 33. Kf2 b5 34. Ke2 c4 35. b4 cxd3+ 36. cxd3 Rc2+ 37. Bd2 Rb2 38. g3 Ke6 39. Kd1 Rb1+ 40. Ke2 Ra1 41. Be1 Ra3 42. Bd2 Rb3 43. Be1 Kf6 44. Bd2 Ra3 45. Bg5+ Ke6 46. Bd2 Ra1 47. Be1 Rb1 48. Bd2 Rh1 49. Be1 Kf6 50. Bd2 Rh2+ 51. Kd1 Rg2 52. Be1 g5 53. Kc1 Kg6 54. Kd1 Rh2 55. Kc1 Rh1 56. Kd1 Rg1 57. Ke2 Rg2+ 58. Kd1 gxh4 59. gxh4 Rh2 60. Kc1 Re2 61. Kd1 Ra2 62. Bd2 Rb2 63. Ke2 Rb1 64. Be1 Ra1 65. Bd2 Rh1 66. Be1 Rh2+ 67. Kd1 Rh3 68. Ke2 Re3+ 69. Kd2 Rf3 70. Ke2 Re3+ 1/2-1/2

[Event "2024 Newport Major"]
[Site "Newport"]
[Date "2024.08.17"]
[Round "3.14"]
[White "Jones, Steve"]
[Black "Farani Sani, Hamid"]
[Result "1-0"]
[WhiteElo "1812"]
[BlackElo "1600"]
[PlyCount "57"]
[EventDate "2024.08.16"]

1. d4 c5 2. d5 Nf6 3. c4 b5 4. cxb5 a6 5. b6 e6 6. dxe6 fxe6 7. Nf3 Nc6 8. g3 Be7 9. Bg2 d5 10. O-O Qxb6 11. Nbd2 O-O 12. b3 a5 13. Re1 Ba6 14. Bb2 Rad8 15. Ng5 Ng4 16. Nxe6 Nxf2 17. Qb1 c4 18. e3 Bc5 19. Nxd8 Bxe3 20. Bxd5+ Kh8 21. Nf7+ Rxf7 22. Bxf7 c3 23. Bxc3 Bd3 24. Nc4 Qb7 25. Rxe3 Qxf7 26. Rxd3 Ne7 27. Rd8+ Ng8 28. Qf1 Qe7 29. Rxg8+ 1-0

[Event "2024 Newport Major"]
[Site "Newport"]
[Date "2024.08.17"]
[Round "3.15"]
[White "Rovaretti, David"]
[Black "Jones, Gavin"]
[Result "0-1"]
[WhiteElo "1778"]
[BlackElo "1710"]
[PlyCount "88"]
[EventDate "2024.08.16"]

1. e4 c6 2. Nc3 d5 3. exd5 cxd5 4. d4 Nf6 5. Bd3 Nc6 6. Nf3 g6 7. h3 Bg7 8. Be3 O-O 9. a3 a6 10. Qd2 b5 11. b4 Re8 12. O-O e5 13. dxe5 Nxe5 14. Nd4 Bb7 15. f4 Nxd3 16. cxd3 Rc8 17. Rac1 Nd7 18. Qf2 Qf6 19. Nce2 Qe7 20. Bd2 f5 21. Rfe1 Qd6 22. g3 Nb8 23. Kh2 Nc6 24. Nxc6 Bxc6 25. d4 Bd7 26. Rc5 Re4 27. Rec1 Rce8 28. Re1 Qe6 29. Nc3 Rxe1 30. Bxe1 Qxe1 31. Qxe1 Rxe1 32. Nxd5 Re2+ 33. Kh1 Re6 34. Rc7 Rd6 35. Nb6 Be8 36. Nc8 Rxd4 37. Ne7+ Kf8 38. Nc6 Rd6 39. Ne5 Bxe5 40. fxe5 Rd7 41. Rc5 Ke7 42. Kg2 Rd3 43. Rc7+ Bd7 44. Ra7 Rxa3 0-1

[Event "2024 Newport Major"]
[Site "Newport"]
[Date "2024.08.17"]
[Round "3.17"]
[White "Ryan, Jeremy"]
[Black "Emblem, Mark"]
[Result "1-0"]
[WhiteElo "1759"]
[BlackElo "1611"]
[PlyCount "45"]
[EventDate "2024.08.16"]

1. d4 Nf6 2. Nf3 e6 3. Bf4 b6 4. Nbd2 Bb7 5. e3 Be7 6. Bd3 d5 7. h3 Nbd7 8. Qe2 a5 9. O-O Ne4 10. c4 O-O 11. cxd5 Bxd5 12. Bxe4 Nf6 13. Bxd5 Nxd5 14. Bg3 Re8 15. Rac1 Qd7 16. Ne5 Qc8 17. a3 Bf8 18. Rc2 Qb7 19. Qb5 Bd6 20. Ne4 Ne7 21. Nxd6 cxd6 22. Nc4 d5 23. Nd6 1-0

[Event "2024 Newport Major"]
[Site "Newport"]
[Date "2024.08.17"]
[Round "3.18"]
[White "Bain, Oliver"]
[Black "Morgans, Justin"]
[Result "1/2-1/2"]
[WhiteElo "1726"]
[BlackElo "1747"]
[PlyCount "55"]
[EventDate "2024.08.16"]

1. d4 Nf6 2. Nc3 d5 3. Bf4 c6 4. e3 Bf5 5. Nf3 e6 6. Ne5 Bb4 7. Bd3 Bxd3 8. cxd3 Nbd7 9. O-O O-O 10. Qb3 Bxc3 11. bxc3 Qc8 12. h3 Nxe5 13. dxe5 Nd7 14. c4 Nb6 15. c5 Nd7 16. d4 b6 17. cxb6 axb6 18. Rfc1 c5 19. e4 c4 20. Qb5 Ra5 21. Qb4 Qc6 22. Bd2 Rfa8 23. a3 Ra4 24. exd5 exd5 25. Qb2 h6 26. Bb4 Nf8 27. Rcb1 Ne6 28. Bd2 1/2-1/2

[Event "2024 Newport Major"]
[Site "Newport"]
[Date "2024.08.17"]
[Round "3.19"]
[White "Williams, James L"]
[Black "Holland, Lyn"]
[Result "1-0"]
[WhiteElo "1659"]
[BlackElo "1669"]
[PlyCount "37"]
[EventDate "2024.08.16"]

1. e4 e5 2. Nc3 Nf6 3. Bc4 Bc5 4. d3 O-O 5. Bg5 d6 6. Qf3 Nbd7 7. Nge2 h6 8. Bh4 c6 9. O-O Qb6 10. Rab1 a5 11. a3 Qd8 12. Nd1 b5 13. Ba2 Bb7 14. Ne3 Bb6 15. Nf5 Qc7 16. Qg3 g6 17. Nxh6+ Kg7 18. Nf5+ Kg8 19. Qxg6+ 1-0

[Event "2024 Newport Major"]
[Site "Newport"]
[Date "2024.08.17"]
[Round "3.20"]
[White "Peters, Chris"]
[Black "Saparovich, Mikhail"]
[Result "1/2-1/2"]
[WhiteElo "1661"]
[BlackElo "1400"]
[PlyCount "72"]
[EventDate "2024.08.16"]

1. e4 c5 2. d4 cxd4 3. c3 dxc3 4. Nxc3 Nc6 5. Nf3 g6 6. Bc4 Bg7 7. O-O Nf6 8. Qe2 d6 9. Bf4 O-O 10. Rad1 Qc7 11. Rfe1 e5 12. Bg5 Bg4 13. Nb5 Qa5 14. Rxd6 Bxf3 15. gxf3 Nd4 16. Nxd4 exd4 17. Bxf6 Bxf6 18. Rxf6 Qg5+ 19. Kh1 Qxf6 20. e5 Qf5 21. e6 h6 22. exf7+ Rxf7 23. Be6 Qf6 24. Qe4 Rd8 25. Qxb7 Kf8 26. Bxf7 Qxf7 27. Qxf7+ Kxf7 28. Kg2 Kf6 29. Kf1 d3 30. Rd1 Kf5 31. Ke1 Kf4 32. Kd2 Kxf3 33. Re1 Kxf2 34. Re7 Rb8 35. b3 h5 36. Re6 g5 1/2-1/2

[Event "2024 Newport Major"]
[Site "Newport"]
[Date "2024.08.18"]
[Round "4.1"]
[White "Forsey, Tomas"]
[Black "Prabhu, Vismith"]
[Result "1/2-1/2"]
[WhiteElo "1713"]
[BlackElo "1674"]
[PlyCount "40"]
[EventDate "2024.08.16"]

1. c4 e6 2. g3 d5 3. cxd5 exd5 4. Bg2 Nf6 5. Nf3 Bd6 6. Nc3 c6 7. O-O O-O 8. Qc2 Re8 9. Re1 Nbd7 10. d4 h6 11. Nd2 Bf8 12. e4 dxe4 13. Ndxe4 Nxe4 14. Rxe4 Rxe4 15. Qxe4 Nf6 16. Qd3 Be6 17. Be3 Qd7 18. Rd1 Bd5 19. Nxd5 Nxd5 20. Qb3 Rd8 1/2-1/2

[Event "2024 Newport Major"]
[Site "Newport"]
[Date "2024.08.18"]
[Round "4.2"]
[White "Gale, Michael"]
[Black "Thomas, Mark"]
[Result "0-1"]
[WhiteElo "1715"]
[BlackElo "1896"]
[PlyCount "94"]
[EventDate "2024.08.16"]

1. e4 g6 2. d4 Bg7 3. Nc3 d6 4. Bg5 a6 5. Nf3 h6 6. Be3 Nf6 7. e5 Ng4 8. exd6 cxd6 9. Bc4 Nxe3 10. fxe3 O-O 11. O-O b5 12. Bd3 Bb7 13. Qe2 Nd7 14. Be4 Bxe4 15. Nxe4 Nb6 16. c3 Rc8 17. Rac1 Qd7 18. b3 f5 19. Ned2 e5 20. c4 exd4 21. exd4 Rfe8 22. Qd3 bxc4 23. bxc4 Kh7 24. d5 Qa7 25. Kh1 Nd7 26. Rfe1 Nc5 27. Qf1 Qd7 28. Rxe8 Rxe8 29. Nb3 Ne4 30. c5 dxc5 31. Nxc5 Qxd5 32. Nxa6 Qxa2 33. Nc7 Rc8 34. Nb5 Rxc1 35. Qxc1 Nf2+ 36. Kg1 Ng4 37. Qe1 Qb2 38. Qf1 Ne3 39. Qf2 Qb1+ 40. Qe1 Qd3 41. Nc7 Qe4 42. Nb5 g5 43. Nc3 Qd3 44. Ne2 g4 45. Nh4 Bf6 46. g3 Qe4 47. Qf2 Qb1+ 0-1